Catalog

Record Details

Catalog Search



Available copies

  • 2 of 3 copies available at LARL/NWRL Consortium.
  • 1 of 2 copies available at Lake Agassiz Regional Library. (Show preferred library)

Current holds

0 current holds with 3 total copies.

Show Only Available Copies
Location Call Number / Copy Notes Barcode Shelving Location Status Due Date
Detroit Lakes Public Library C BUN (Text) 33500014198618 Main Checked out 07/21/2026
Fosston Public Library C BUN (Text) 33500014198626 Main Available -
Thief River Falls Public Library BUN (Text) 35500006859175 Main Available -

Record details

  • ISBN: 9781496754226
  • ISBN: 1496754220
  • Physical Description: 278 pages ; 22 cm.
  • Edition: First Kensington hardcover edition.
  • Publisher: New York : Kensington Publishing Corp., 2025.

Content descriptions

Summary, etc.:
"It's a promise of better things to come . . . ... Read More
Subject: Resorts > North Carolina > Employees > Fiction.
Women lawyers > North Carolina > Fiction.
Homecoming > Fiction.
Treasure troves > Fiction.
Man-woman relationships > Fiction.
Outer Banks (N.C.) > Fiction.
Genre: Romance fiction.
Novels.
LDR 03329cam a2200493 i 4500
001459338
003LARL_NWRL_CONSORTIUM
00520250506153745.0
008250414s2025 nyu 000 1 eng d
010 . ‡abl2025045511
040 . ‡aNjBwBT ‡beng ‡erda ‡cCG4 ‡dCG4 ‡dOCLCO ‡dOJ4 ‡dIG#
020 . ‡a9781496754226 ‡q(hardcover)
020 . ‡a1496754220 ‡q(hardcover)
035 . ‡a(OCoLC)1514758230
043 . ‡an-us-nc
08204. ‡a813/.54 ‡223/eng/20250410
1001 . ‡aBunn, T. Davis, ‡d1952- ‡eauthor. ‡1https://id.oclc.org/worldcat/entity/E39PBJtcCCTRmk9M6FrTpft7pP ‡0(LARL_NWRL_CONSORTIUM)101645
24510. ‡aFortunate Harbor / ‡cDavis Bunn.
250 . ‡aFirst Kensington hardcover edition.
264 1. ‡aNew York : ‡bKensington Publishing Corp., ‡c2025.
300 . ‡a278 pages ; ‡c22 cm.
336 . ‡atext ‡2rdacontent
337 . ‡aunmediated ‡2rdamedia
338 . ‡avolume ‡2rdacarrier
4900 . ‡aOuter Banks ; ‡v1
520 . ‡a"It's a promise of better things to come . . . With its colorful history, and miles of sand, tide, and windswept oaks, North Carolina's Outer Banks is a paradise for locals and tourists alike. For Curtis Gage, returning after nineteen years to be the new assistant manager of a 5-star, ocean-front resort, it's a chance to start a new life--and come to terms with an old one. This is where his father, a revered police chief, died in the line of duty. Whisked away by his mother when he was just a child, Curtis always yearned to come back and reclaim this magnificent necklace of islands as home. But he never imagined the risks . . . This coastal haven is in attorney Rae Alden's blood, and the resort's expansion is encroaching on precious Fortunate Harbor. For Rae and the old-town families she represents, their generations-old heritage is not for sale for all the money in the world. Who'd have guessed that the ordeal would tie Rae to Curtis, a childhood sweetheart whose family tragedy once converged, fatefully, with her own past? The landgrab is reuniting them in more ways than one. Because the property is more valuable than even Rae believed. The proof is in a secret deed and a long-lost map to a bona fide buried treasure. If pirate legends, rekindled romance, and real-life adventure aren't enough to make the heart pound, Curtis and Rae discover they aren't the only ones hunting. In love and in danger, they have each other, and are finding a place to call home. That alone is a fortune worth fighting for"-- ‡cProvided by publisher.
650 0. ‡aResorts ‡zNorth Carolina ‡xEmployees ‡vFiction.
650 0. ‡aWomen lawyers ‡zNorth Carolina ‡vFiction.
650 0. ‡aHomecoming ‡vFiction.
650 0. ‡aTreasure troves ‡vFiction. ‡0(LARL_NWRL_CONSORTIUM)167731
650 0. ‡aMan-woman relationships ‡vFiction. ‡0(LARL_NWRL_CONSORTIUM)165985
651 0. ‡aOuter Banks (N.C.) ‡vFiction.
655 7. ‡aRomance fiction. ‡2lcgft
655 7. ‡aNovels. ‡2lcgft
901 . ‡a459338 ‡bOCoLC ‡c459338 ‡tbiblio ‡soclc

Additional Resources